Explorations in economic history
Saved in:
| Format: | Serial |
|---|---|
| Language: | English |
| Published: |
New York
Academic Press
|
| Tags: |
No Tags, Be the first to tag this record!
|
MARC
| LEADER | 00000nas1a2200000$$$4500 | ||
|---|---|---|---|
| 001 | 0010884 | ||
| 005 | 20250730114820.0 | ||
| 041 | 0 | |a eng | |
| 044 | |a US | ||
| 245 | 1 | 0 | |a Explorations in economic history |
| 264 | 1 | |a New York |b Academic Press | |